| 000 | 00560nam a2200205Ia 4500 | ||
|---|---|---|---|
| 008 | 240619s9999 xx 000 0 und d | ||
| 035 | _a4943 | ||
| 040 |
_aGS0142000 _bmon _cMN-UlNLM _dMN-UlNLM _erda |
||
| 041 | _amon | ||
| 042 | _a7652 | ||
| 084 |
_2NNA _a74-28.6 _bБ-755 |
||
| 100 | _aБуртон Ж. | ||
| 245 | 0 | _aҮлэг гүрвэл | |
| 264 |
_aУлаанбаатар _bМонсудар _c2013 |
||
| 300 | _aх. | ||
| 336 |
_2rdacontent _atext _btxt |
||
| 337 |
_2rdamedia _aunmediated _bn |
||
| 338 |
_2rdacarrier _avolume _bnc |
||
| 942 |
_2NNA _cBK |
||
| 999 |
_c899776 _d899833 |
||